Thủy lực và khí động lực

محفوظ في:
التفاصيل البيبلوغرافية
المؤلف الرئيسي: Hoàng, Văn Quý
التنسيق: كتاب
اللغة:Undetermined
منشور في: Hà Nội Xây dựng 2007
الموضوعات:
الوسوم: إضافة وسم
لا توجد وسوم, كن أول من يضع وسما على هذه التسجيلة!
Thư viện lưu trữ: Trung tâm Học liệu Trường Đại học Cần Thơ
LEADER 00653nam a2200205Ia 4500
001 CTU_131149
008 210402s9999 xx 000 0 und d
020 |c 72000 
082 |a 621.2 
082 |b Qu600 
100 |a Hoàng, Văn Quý 
245 0 |a Thủy lực và khí động lực 
245 0 |c Hoàng Văn Quý 
260 |a Hà Nội 
260 |b Xây dựng 
260 |c 2007 
650 |a Fluid mechanics,Fluid power technology,Water,Thuỷ động lực học,Công nghệ thủy lực 
650 |x Power 
904 |i Hiếu, Trọng Hiếu 
980 |a Trung tâm Học liệu Trường Đại học Cần Thơ